L'ultimo Mario Mieli : oro eros armonia /

Salvato in:
Dettagli Bibliografici
Autore principale: Mieli, Mario
Ente Autore: Centro Valdese "Agape"
Altri autori: Gnerre, Francesco, Silvestri, Gianpaolo, Veneziani, Antonio, Cattaneo, Ivan
Natura: Libro
Pubblicazione: Roma Fabio Croce stampa 2012
Serie:OffSide
Tags: Aggiungi Tag
Nessun Tag, puoi essere il primo ad aggiungerne!!

MARC

LEADER 00000nam a22000007i 4500
001 CDOM0000005684
003 mi
005 20251016232043.0
008 140728s2012 it |||||| ||||| |||||c
020 |a 9788864021591 
040 |c mi 
100 |a Mieli, Mario 
245 1 |a L'ultimo Mario Mieli :  |b oro eros armonia /  |c Gianpaolo Silvestri ; contributi di Ivan Cattaneo e Antonio Veneziani. 
260 |a Roma  |b Fabio Croce  |c stampa 2012 
300 |a 95 p. ;  |c 19 cm. 
700 |a Gnerre, Francesco 
700 |a Silvestri, Gianpaolo 
700 |a Veneziani, Antonio 
700 |a Cattaneo, Ivan 
710 |a Centro Valdese "Agape" 
830 |a OffSide 
942 |2 ddc  |c BK 
952 |0 0  |1 0  |2 ddc  |4 0  |6 B_SCR04SILGIORO21  |7 0  |9 7928  |a MI  |b MI  |d 2014-02-18  |i 6618  |l 0  |o B-SCR04-SILGI-ORO21  |p CDOM6618  |r 2025-07-13 16:28:00  |w 2025-07-13  |x DONO  |y BK 
999 |c 6596  |d 6596